MARC

LEADER 00000nam0a2200000 4500
001 292680
005 20231102000523.0
020 |a RU  |b 83-79197 
035 |a (RuTPU)RU\TPU\book\317316 
090 |a 292680 
100 |a 20150424d1983 k y0rusy5003 ca 
101 1 |a rus  |c eng 
102 |a RU 
105 |a a z 001zy 
200 1 |a Сопряжение микро-ЭВМ с внешними устройствами  |f Б. А. Артвик  |g пер. с англ. В. П. Нестерова 
210 |a Москва  |c Машиностроение  |d 1983 
215 |a 352 с.  |c ил. 
320 |a Предметный указатель: с. 314-352 
510 1 |a Microcomputer interfacing  |z eng 
606 1 |a Цифровые вычислительные машины на больших интегральных схемах  |x Сопряжения устройства  |2 stltpush  |3 (RuTPU)RU\TPU\subj\18497  |9 43916 
610 1 |a сопряжение 
610 1 |a интегральные схемы 
610 1 |a вычислительные машины 
610 1 |a устройства 
610 1 |a микро-ЭВМ 
610 1 |a микропроцессоры 
610 1 |a память 
610 1 |a ввод-вывод 
610 1 |a данные 
610 1 |a интерфейсы 
610 1 |a проектирование 
610 1 |a периферийные устройства 
610 1 |a подключение 
610 1 |a конструкции 
610 1 |a проектирование 
675 |a 681.327.8  |z rus  |v 3 
700 1 |a Артвик  |b Б. А.  |g Брюс А.  |4 070 
702 1 |a Нестеров  |b П. В.  |4 340 
702 1 |a Нестеров  |b П. В.  |4 730 
801 0 |a RU  |b RuMRKP  |c 19950704  |g psbo 
801 1 |a RU  |b 63413507  |c 20150424 
801 2 |a RU  |b 63413507  |c 20180405  |g RCR 
942 |c BK